000
00385nam a22001577a 4500
003
MPLRDC
005
20220104114301.0
008
210129b ||||| |||| 00| 0 eng d
082
_a
857.27 PSL-3
100
_a
蒲松龄
245
_a
新编聊斋志异
_c
260
_a
_b
新风文化事业公司
_c
300
_b
平
650
_a
小说--笔记; 异闻
942
_c
BK
_o
857.27 PSL-3
999
_c
6284
_d
6274